Experiment! : (Record no. 19336)

MARC details
000 -LEADER
fixed length control field 03410cam a2200685 a 4500
001 - CONTROL NUMBER
control field ocn785808945
003 - CONTROL NUMBER IDENTIFIER
control field OCoLC
005 - DATE AND TIME OF LATEST TRANSACTION
control field 20220701010847.0
006 - FIXED-LENGTH DATA ELEMENTS--ADDITIONAL MATERIAL CHARACTERISTICS--GENERAL INFORMATION
fixed length control field m o d
007 - PHYSICAL DESCRIPTION FIXED FIELD--GENERAL INFORMATION
fixed length control field cr |||||||||||
008 - FIXED-LENGTH DATA ELEMENTS--GENERAL INFORMATION
fixed length control field 120413s2012 nju ob 001 0 eng
010 ## - LIBRARY OF CONGRESS CONTROL NUMBER
LC control number 2012015539
040 ## - CATALOGING SOURCE
Original cataloging agency DLC
Language of cataloging eng
Description conventions pn
Transcribing agency DLC
Modifying agency EBLCP
-- MERUC
-- N$T
-- E7B
-- YDXCP
-- CDX
-- DG1
-- OCLCF
-- TEFOD
-- IUL
-- DEBSZ
-- OCLCO
-- TEFOD
-- OCLCQ
-- COO
-- S3O
-- OCLCQ
020 ## - INTERNATIONAL STANDARD BOOK NUMBER
ISBN 9781118311011
Qualifying information (ePub)
020 ## - INTERNATIONAL STANDARD BOOK NUMBER
ISBN 1118311019
Qualifying information (ePub)
020 ## - INTERNATIONAL STANDARD BOOK NUMBER
ISBN 9781118311028
Qualifying information (MobiPocket)
020 ## - INTERNATIONAL STANDARD BOOK NUMBER
ISBN 1118311027
Qualifying information (MobiPocket)
020 ## - INTERNATIONAL STANDARD BOOK NUMBER
ISBN 9781118311042
Qualifying information (AdobePDF)
020 ## - INTERNATIONAL STANDARD BOOK NUMBER
ISBN 1118311043
Qualifying information (AdobePDF)
020 ## - INTERNATIONAL STANDARD BOOK NUMBER
ISBN 9781118311059
Qualifying information (electronic bk.)
020 ## - INTERNATIONAL STANDARD BOOK NUMBER
ISBN 1118311051
Qualifying information (electronic bk.)
020 ## - INTERNATIONAL STANDARD BOOK NUMBER
Cancelled/invalid ISBN 9780470688267
Qualifying information (cloth)
020 ## - INTERNATIONAL STANDARD BOOK NUMBER
Cancelled/invalid ISBN 9780470688250 (pbk.)
029 1# - (OCLC)
OCLC library identifier AU@
System control number 000049032394
029 1# - (OCLC)
OCLC library identifier DEBSZ
System control number 431154929
029 1# - (OCLC)
OCLC library identifier NZ1
System control number 15921935
029 1# - (OCLC)
OCLC library identifier DEBBG
System control number BV041828955
035 ## - SYSTEM CONTROL NUMBER
System control number (OCoLC)785808945
037 ## - SOURCE OF ACQUISITION
Stock number 2613E7C9-7F7B-4030-8231-C4ECFD185DA4
Source of stock number/acquisition OverDrive, Inc.
Note http://www.overdrive.com
042 ## - AUTHENTICATION CODE
Authentication code pcc
050 00 - LIBRARY OF CONGRESS CALL NUMBER
Classification number Q180.A1
072 #7 - SUBJECT CATEGORY CODE
Subject category code REF
Subject category code subdivision 020000
Source bisacsh
082 00 - DEWEY DECIMAL CLASSIFICATION NUMBER
Classification number 001.4/34
Edition number 23
049 ## - LOCAL HOLDINGS (OCLC)
Holding library MAIN
100 1# - MAIN ENTRY--PERSONAL NAME
Personal name Andersson, Oivind,
Dates associated with a name 1970-
245 10 - TITLE STATEMENT
Title Experiment! :
Remainder of title planning, implementing, and interpreting /
Statement of responsibility, etc Oivind Andersson.
260 ## - PUBLICATION, DISTRIBUTION, ETC. (IMPRINT)
Place of publication, distribution, etc Hoboken, NJ :
Name of publisher, distributor, etc Wiley,
Date of publication, distribution, etc 2012.
300 ## - PHYSICAL DESCRIPTION
Extent 1 online resource.
336 ## -
-- text
-- txt
-- rdacontent
337 ## -
-- computer
-- c
-- rdamedia
338 ## -
-- online resource
-- cr
-- rdacarrier
588 0# -
-- Print version record and CIP data provided by publisher.
504 ## - BIBLIOGRAPHY, ETC. NOTE
Bibliography, etc Includes bibliographical references and index.
505 0# - FORMATTED CONTENTS NOTE
Formatted contents note Front Matter -- Understanding the World. You, the Discoverer -- What is Science? -- Science's Childhood -- Science Inclined to Experiment -- Scientists, Engineers and Other Poets -- Interfering with the World. Experiment! -- Basic Statistics -- Statistics for Experiments -- Experimental Design -- Phase I: Planning -- Phase II: Data Collection -- Phase III: Analysis and Synthesis -- Appendix.
520 ## - SUMMARY, ETC.
Summary, etc Experiments are the most effective way to learn about the world. By cleverly interfering with something to see how it reacts we are able to find out how it works. In contrast to passive observation, experimenting provides us with data relevant to our research and thus less time and effort is spent separating relevant from irrelevant information. The art of experimentation is often learnt by doing, so an intuitive understanding of the experimental method usually evolves gradually through years of trial and error. The aim of this book is to speed up the journey for the reader to becoming.
650 #0 - SUBJECT ADDED ENTRY--TOPICAL TERM
Topical term or geographic name as entry element Research.
650 #0 - SUBJECT ADDED ENTRY--TOPICAL TERM
Topical term or geographic name as entry element Experimental design.
650 #0 - SUBJECT ADDED ENTRY--TOPICAL TERM
Topical term or geographic name as entry element Science
General subdivision Methodology.
650 #7 - SUBJECT ADDED ENTRY--TOPICAL TERM
Topical term or geographic name as entry element REFERENCE
General subdivision Research.
Source of heading or term bisacsh
650 #7 - SUBJECT ADDED ENTRY--TOPICAL TERM
Topical term or geographic name as entry element Experimental design.
Source of heading or term fast
-- (OCoLC)fst00918404
650 #7 - SUBJECT ADDED ENTRY--TOPICAL TERM
Topical term or geographic name as entry element Research.
Source of heading or term fast
-- (OCoLC)fst01095153
650 #7 - SUBJECT ADDED ENTRY--TOPICAL TERM
Topical term or geographic name as entry element Science
General subdivision Methodology.
Source of heading or term fast
-- (OCoLC)fst01108313
650 #7 - SUBJECT ADDED ENTRY--TOPICAL TERM
Topical term or geographic name as entry element Forskning.
Source of heading or term sao
650 #7 - SUBJECT ADDED ENTRY--TOPICAL TERM
Topical term or geographic name as entry element Vetenskap - metodik.
Source of heading or term sao
655 #4 - INDEX TERM--GENRE/FORM
Genre/form data or focus term Electronic books.
655 #7 - INDEX TERM--GENRE/FORM
Genre/form data or focus term Electronic books.
Source of term local
776 08 - ADDITIONAL PHYSICAL FORM ENTRY
Display text Print version:
Main entry heading Andersson, Oivind, 1970-
Title Experiment!
Place, publisher, and date of publication Hoboken, NJ : Wiley, 2012
International Standard Book Number 9780470688267
Record control number (DLC) 2012008855
856 40 - ELECTRONIC LOCATION AND ACCESS
Uniform Resource Identifier <a href="http://dx.doi.org/10.1002/9781118311059">http://dx.doi.org/10.1002/9781118311059</a>
Public note Wiley Online Library
994 ## -
-- 92
-- DG1

No items available.